banner-ar

منهجة التوقف نحو تغيير المسار للافراد و المؤسسات : (Record no. 66329)

MARC details
000 -الفاتح
حقل البيانات ثابتة الطول 00787nam a22001937a 4500
005 - وقت وتاريخ اخر تعامل مع التسجيلة
رقم الضبط 20240530110912.0
008 - عناصر البيانات ثابتة الطول - معلومات عامة
حقل البيانات ثابتة الطول 151011s2011 ua a g 000 0 ara d
017 ## - رقم الايداع القانونى
رقم الايداع القانونى 2010/20062
المصدر ( الهيئة المختصة) مصر . دار الكتب المصرية
020 ## - الرقم الدولى المعيارى للكتب
الرقم الدولى المعيارى للكتاب 9789774311926
040 ## - مصدر الفهرسة
وكالة الفهرسة الأصلية EG-CaGPL
082 04 - رقم تصنيف ديوى العشرى
رقم الطبعة 21
رقم التصنيف 658.402/
رقم المادة م م
100 0# - المدخل الرئيسى - إسم شخصى
الإسم الشخصى محمد على عبدالوهاب .
245 10 - بيان العنوان
العنوان منهجة التوقف نحو تغيير المسار للافراد و المؤسسات :
بقية العنوان اول منهجة عربية فى الفكر الادارى الحديث /
بيان المسئوليه,etc محمد على عبدالوهاب .
250 ## - بيان الطبعة
بيان الطبعة ط1.
260 ## - PUBLICATION, DISTRIBUTION, ETC. (IMPRINT)
تاريخ النشر أو التوزيع 2011 .
300 ## - الوصف المادى
التعداد 111 ص ؛
أبعاد الوعاء 24 سم .
942 ## - عناصر المدخل الإضافي( كوها)
مصدر التصنيف او مخطط الترفيف Dewey Decimal Classification
Koha [default] item type كتاب
260 ## - PUBLICATION, DISTRIBUTION, ETC. (IMPRINT)
-- القاهرة :
-- دار العالم العربى ،
Holdings
حالة التراجع حالة الفقد حالة تلف ليس للاعارة المكان المؤقت الموقع الحالى تاريخ الاكتساب اجمالي اﻻعارات رقم الطلب الباركود تاريخ اخر مشاهدة تاريخ تفعيل السعر نوع وعاء كوها
        مكتبة القاهرة الكبرى مكتبة القاهرة الكبرى 03/19/2022   658.402/ م م 167667 03/19/2022 03/19/2022 كتاب

Powered By

EGPV